1334 1425 1036 1315 1534 1317 1494 1359 1609 1861 1374 1562 1387 1038 1318 1335 1372 1108 1101 1961 1845 1690 1895 1041 1517 1640 1451 1203 1059 1567 1416 1030 1662 1197 1563 1399 1436 1746 1138 1834 1690 1548 1676 1980 1993 1112 1449 1197 1281 1875 1553 1252 1363 1320 1786 1158 1629 1618 1456 1038 1144 1858 1293 1704 1450 1419 1853 1994 1669 1719 1468 1932 1583 1400 1146 1488 1591 1884 1401 1459 1167 1855 1550 1236 1161 1675 1832 1726 1155 1453 1566 1593 1287 1040 1065 1540 1378 1252 1242 BCNSPRNW ULIB Ver.6.0+V

เปลี่ยนเป็นภาษาไทย

Change to English
 แสดงรายละเอียดบรรณานุกรม
  กลับหน้าหลัก

Brief Record : Get Marc (ISO 2709) : E-mail record : QR code < ปิดหน้าต่าง
LEADER : 00000nam 2200000uu 4500
001    13399111207
003     ULIB
008    110620s2000||||th 000 0 eng d
020    044305942x
060 04 WY108^bL748n 2000
100 1  Lindsay, Grace M.
245 10 Nursing for public health :^bpopulation based care /^cGrace M. Lindsay, Pauline M. Craig
260    Edinburgh :^bChurchill Livingstone,^c2000
300    308 p. :^bill. ;^c24 cm.
650  0 Medical policy
650  2 Public Health Nursing
650  2 Public Health
700 1  Craig, Pauline M.
945    ^p1725^l0^i013953
995    Kesorn
999 ^a ใช้งานได้ทุกระบบ
รายการนี้ยังไม่มีแท็ก
คุณยังไม่ได้ล็อกอิน คุณสามารถมีกิจกรรมร่วมกับเว็บไซต์ได้ แต่ต้องล็อกอินก่อน ::
  ล็อกอิน

รายการสื่อสารสนเทศ

ลำดับที่ ประเภท เลขเรียก/บาร์โค้ด สถานที่ สถานะ
- ไม่พบข้อมูล -

รายการใกล้เคียง
    หัวเรื่อง [Medical policy]
    หัวเรื่อง [Public Health Nursing]
    หัวเรื่อง [Public Health]

BibComment


ยังไม่เคยถูกคอมเมนท์

คอมเมนท์ทรัพยากรรายการนี้
  คอมเมนท์: Nursing for publi..


 Copyright 2026. Bcnsprnw @Library